ბათუმის შოთა რუსთაველის სახელმწიფო უნივერსიტეტის ბიბლიოთეკა

Материалы по водному режиму субтропических подзолистых почв (ბიბ.ჩანაწერი № 46216)

000 -LEADER
fixed length control field 00684nam a2200205Ia 4500
001 - CONTROL NUMBER
control field 13049
003 - CONTROL NUMBER IDENTIFIER
control field GE_BSU
008 - FIXED-LENGTH DATA ELEMENTS--GENERAL INFORMATION
fixed length control field 181216s||||||||xx |||||||||||||| ||und||
040 ## - CATALOGING SOURCE
Transcribing agency GE_BSU
080 ## - UNIVERSAL DECIMAL CLASSIFICATION NUMBER
Universal Decimal Classification number 631.4
100 ## - MAIN ENTRY--PERSONAL NAME
Personal name Дараселия,М.К.
245 ## - TITLE STATEMENT
Title Материалы по водному режиму субтропических подзолистых почв
245 ## - TITLE STATEMENT
Statement of responsibility, etc. Ред.Г.А.Любовский
260 ## - PUBLICATION, DISTRIBUTION, ETC.
Place of publication, distribution, etc. Москва
260 ## - PUBLICATION, DISTRIBUTION, ETC.
Name of publisher, distributor, etc. Пищепромиздат
260 ## - PUBLICATION, DISTRIBUTION, ETC.
Date of publication, distribution, etc. 1947
300 ## - PHYSICAL DESCRIPTION
Extent 119стр.20см.
653 ## - INDEX TERM--UNCONTROLLED
Uncontrolled term Материалы по водному режиму субтропических подзолистых почв
942 ## - ADDED ENTRY ELEMENTS (KOHA)
Koha item type წიგნი
ეგზემპლარები
Withdrawn status Lost status Damaged status Not for loan Date acquired Barcode Date last seen Price effective from Koha item type
        2018-12-17 21084 2018-12-17 2018-12-17 წიგნი
        2018-12-17 21085 2018-12-17 2018-12-17 წიგნი